| 000 | 00970cab a2200253 4500 | ||
|---|---|---|---|
| 001 | WB3101-47 | ||
| 008 | 090401t1995 xxu||||| |||| 00| 0 eng d | ||
| 035 | _a(Sirsi) u61582 | ||
| 041 | _aeng | ||
| 245 | _aConsent no defence in nuisance | ||
| 260 | _c1995 | ||
| 350 | _a0 | ||
| 490 |
_aTimes _v3 January 1995, 25(1) |
||
| 520 | _aIn "Wheeler and another v JJ Saunders Ltd and others" CA 19 December 1994, held that grants of planning permission to intensify pig farming on a site already used for this purpose did not render the grantees immune from liability in nuisance to neighbouring landowners in respect of smells caused by implementation of planning permissions. | ||
| 650 | _aINTENSIFICATION | ||
| 650 | _aINTENSIVE LIVESTOCK FARMING | ||
| 650 | _aLIABILITY | ||
| 650 | _aNUISANCE | ||
| 650 | _aPIG FARMING | ||
| 690 | _aPLANNING LAW AND PRACTICE-CASE LAW | ||
| 690 | _aPROPERTY LAW AND PRACTICE-CASE LAW | ||
| 942 | _n0 | ||
| 948 | _c04/03/1997 | ||
| 999 |
_c38182 _d38182 |
||